000 00688nam a22002057a 4500
999 _c191375
_d191375
005 20220825114753.0
010 _aENG-134670
020 _a9789390082971
_c800.00
035 _aEN-118202
037 _bDBAD/PUB
082 _a800.00
245 _aRole of sports Sciences and Yoga on Human Performance Enhancement
_cedited by k.Chanrasekaram,V.jeyaveerapandian and C.Ramesh
260 _aTamil Nadu
_bSHANLAX Publications
_c2020
270 _a61,66 T.P.K. Main road ,Madurai
_bTamil Nadu
_e625003
_k7639303383
300 _a336p.
_c29cm(pbk)
700 _aChandrasekaran,K.
700 _ajayaveerapandian,V.
700 _aRamesh,C.
942 _2ddc
_cEN
_h613.7
_mROL